000 00382cam a2200145ua 4500
003 OSt
008 241224b |||||||| |||| 00| 0 eng d
041 _aeng
082 _a621.317 GOP/CO
100 _aGopal, M.
_96571
245 _aControl systems: Principles and design /
260 _aNew Delhi :
_bTata Mc-Graw Hill Publishing Company ,
_c2002.
300 _a ; .
942 _cBK
999 _c12968
_d12968